Amsterdam Airport Schiphol Destinations (Amsterdam, Netherlands) - Statistics

General Stats
  • This quiz has been taken 638 times
    215 since last reset
  • The average score is 189 of 302
Answer Stats
Airline Destination % Correct
British Airways/KLM London (City)
95%
easyJet London (Gatwick)
95%
British Airways/KLM London (Heathrow)
95%
easyJet London (Luton)
95%
easyJet London (Southend)
95%
easyJet London (Stansted)
95%
Air France/KLM Paris (Charles de Gualle)
95%
Transavia Paris (Orly)
95%
Aegean Airlines/KLM/Sky Express/Transavia Athens
94%
KLM/United Airlines Chicago (O'Hare)
94%
Aer Lingus/KLM/Ryanair Dublin
94%
Delta Air Lines/JetBlue/KLM New York (JFK)
94%
KLM/Norwegian Air Shuttle/Scandinavian Airlines Oslo
94%
KLM/Transavia/Vueling Barcelona
93%
ITA Airways/KLM/Vueling Rome (Fiumicino)
93%
Egyptair/Transavia Cairo
92%
Air India/KLM Delhi
92%
easyJet/KLM/TAP Air Portugal/Transavia/Vueling Lisbon
92%
easyJet/ITA Airways/KLM Milan (Linate)
91%
easyJet Milan (Malpensa)
91%
KLM/Norwegian Air Shuttle/Scandinavian Airlines Stockholm (Arlanda)
91%
Eithad Airways Abu Dhabi
90%
AJet/SunExpress Ankara
90%
easyJet/KLM Berlin
90%
Royal Air Maroc/Transavia Casablanca
90%
Emirates/KLM/Transavia Dubai (International)
90%
Finnair/KLM Helsinki
90%
KLM/Turkish Airlines Istanbul
90%
AJet/Pegasus Airlines Istanbul (Sabiha Gökçen)
90%
Air Europa/Iberia Express/KLM Madrid
90%
easyJet/KLM Manchester
90%
KLM Miami
90%
KLM/Transavia Porto
90%
KLM/Swiss International Air Lines Zürich
90%
KLM Beijing (Capital)
89%
China Southern Airlines Beijing (Daxing)
89%
easyJet/KLM Glasgow
89%
Garuda Indonesia/KLM Jakarta (Soekarno-Hatta)
89%
Aeroméxico/KLM Mexico City
89%
KLM/Singapore Airlines Singapore
89%
KLM/LOT Polish Airlines Warsaw (Chopin)
89%
KLM Brussels
88%
KLM Los Angeles
88%
IndiGo/KLM Mumbai
88%
KLM/United Airlines San Francisco
88%
Air Canada/Air Transat/KLM Toronto (Pearson)
88%
Austrian Airlines/KLM Vienna
88%
Croatia Airlines/KLM Zagreb
88%
EVA Air/KLM Bangkok (Suvarnabhumi)
87%
Delta Air Lines/JetBlue/KLM Boston
87%
KLM/TAROM Bucharest (Otopeni)
87%
easyJet/KLM/Norwegian Air Shuttle/Scandinavian Airlines/Vueling Copenhagen
87%
KLM Rio de Janeiro (Galeão)
87%
Delta Air Lines/KLM Atlanta
86%
KLM Cape Town
86%
Qatar Airways Doha
86%
Cathay Pacific/KLM Hong Kong
86%
KLM/United Airlines Houston (Intercontinental)
86%
Air France/KLM Lyon
86%
Air France/KLM Marseille
86%
Air Dolomiti/KLM/Lufthansa Munich
86%
easyJet/KLM/Transavia Nice
86%
airBaltic Riga
86%
Air Serbia/KLM Belgrade
85%
KLM/Lufthansa Frankfurt
85%
Air Canada/Air Transat/KLM Montréal (Trudeau)
85%
KLM/Korean Air Seoul (Incheon)
85%
China Eastern Airlines/KLM Shanghai (Pudong)
85%
KLM Tokyo (Narita)
85%
easyJet/KLM Birmingham
84%
KLM Budapest
84%
easyJet/KLM Geneva
84%
KLM Johannesburg (O.R. Tambo)
84%
easyJet/KLM/Transavia Naples
84%
Delta Air Lines Seattle/Tacoma
84%
KLM/United Airlines Washington (Dulles)
84%
KLM Belfast (City)
83%
easyJet Belfast (International)
83%
easyJet/KLM Edinburgh
83%
Eurowings/KLM Hamburg
83%
KLM Santiago de Chile
83%
Vueling Santiago de Compostela
83%
KLM São Paulo (Guarulhos)
83%
airBaltic Tallinn
83%
KLM Vancouver
83%
easyJet/KLM Venice
83%
KLM Bordeaux
82%
KLM Buenos Aires (Ezeiza)
82%
American Airlines Dallas/Fort Worth
82%
Kuwait Airways Kuwait City
82%
easyJet/KLM/Vueling Prague
82%
Icelandair/Transavia Reykjavík
82%
KLM/Saudia Riyadh
82%
arkia/easyJet/El Al/KLM/Sun d'Or Tel Aviv
82%
easyJet/KLM/Transavia/Vueling Valencia
82%
China Southern Airlines Guangzhou
81%
Kenya Airways/KLM Nairobi (Jomo Kenyatta)
81%
American Airlines Philadelphia
81%
TUI fly Netherlands Sal
81%
Bulgaria Air Sofia
81%
airBaltic Vilnius
81%
KLM/Vueling Bilbao
80%
Saudia Jeddah
80%
easyJet/KLM Kraków
80%
easyJet/Transavia Seville
80%
Royal Jordanian/Transavia Amman (Queen Alia)
79%
KLM Cork
79%
KLM Leeds/Bradford
79%
Transavia/TUI fly Netherlands Tirana
79%
KLM Turin
79%
KLM Bogotá
78%
Delta Air Lines Detroit
78%
KLM Osaka (Kansai)
78%
Croatia Airlines/easyJet/KLM/Transavia Split
78%
KLM Bergen
77%
easyJet Palermo
77%
KLM Kuala Lumpur (International)
76%
KLM Lima
76%
easyJet/Transavia Marrakech
76%
Aegean Airlines/Transavia Thessaloniki
76%
KLM Lagos
75%
Corendon Dutch Airlines/easyJet/KLM/Transavia/TUI fly Netherlands/Vueling Palma de Mallorca
75%
Air Anka/Corendon Dutch Airlines/Pegasus Airlines/SunExpress/TUI fly Netherlands Antalya
74%
easyJet/KLM Basel/Mulhouse
74%
KLM Denpasar
74%
KLM Düsseldorf
74%
KLM Gothenburg
74%
easyJet Liverpool
74%
Corendon Dutch Airlines/easyJet/ KLM/Ryanair/Transavia/Vueling Málaga
74%
Air Malta/easyJet/KM Malta Airlines Malta
74%
Oman Air Muscat
74%
Delta Air Lines Orlando
74%
Transavia Rabat
74%
China Airlines/EVA Air/KLM Taipei (Taoyuan)
74%
KLM/Vueling Florence
73%
Transavia Bari
72%
Middle East Airlines/Transavia Beirut
72%
Corendon Airlines/Corendon Dutch Airlines/Pegasus Airlines/SunExpress/TUI fly Netherlands İzmir
72%
easyJet/KLM Newcastle upon Tyne
72%
KLM Bologna
71%
Corendon Dutch Airlines/easyJet/KLM/Transavia/TUI fly Netherlands/Vueling Ibiza
71%
KLM Accra
70%
easyJet/KLM/Transavia/Vueling Alicante
70%
KLM Las Vegas
70%
KLM San Diego
70%
KLM Stuttgart
70%
KLM Calgary
69%
Air Arabia/Royal Air Maroc Fès
69%
Austrian Airlines/easyJet/Transavia Innsbruck
69%
KLM/TUI fly Netherlands Cancún
68%
KLM Manila
68%
United Airlines Newark
68%
easyJet/Transavia Salzburg
68%
KLM/TUI fly Netherlands Aruba
67%
KLM Gdańsk
67%
KLM/Transavia Ljubljana
67%
Georgian Airways/Transavia Tbilisi
67%
KLM Austin
66%
easyJet/KLM Dubrovnik
66%
Corendon Dutch Airlines/Sky Express/Transavia/TUI fly Netherlands Heraklion
66%
Delta Air Lines/KLM Minneapolis/St. Paul
66%
KLM San José (CR)
66%
Delta Air Lines Tampa
66%
Air France/KLM Toulouse
66%
Xiamen Air Xiamen
66%
TUI fly Netherlands Dakar (Diass)
65%
KLM/Surinam Airways/TUI fly Netherlands Paramaribo
65%
Corendon Dutch Airlines/easyJet/Transavia/TUI fly Netherlands/Vueling Tenerife (South)
65%
KLM Aberdeen
64%
Corendon Dutch Airlines/easyJet/Transavia/TUI fly Netherlands/Vueling Gran Canaria
64%
Transavia Pisa
64%
KLM Portland (OR)
64%
easyJet/KLM Bristol
63%
KLM Cardiff
63%
easyJet/Transavia Faro
63%
KLM Genoa
63%
KLM Nantes
63%
Corendon Dutch Airlines/easyJet/Transavia/TUI fly Netherlands Rhodes
63%
China Southern Airlines Shenzhen
62%
Transavia Skopje
62%
KLM Dar es Salaam
61%
Corendon Dutch Airlines/KLM/TUI fly Netherlands Curaçao
60%
Air Arabia/Royal Air Maroc Tangier
60%
easyJet/KLM/Transavia Catania
59%
Corendon Dutch Airlines/easyJet/Transavia/TUI fly Netherlands Corfu
59%
KLM Bengaluru
58%
KLM Edmonton
58%
Corendon Dutch Airlines/Sky Express/Transavia/TUI fly Netherlands Kos
58%
Delta Air Lines/KLM Salt Lake City
58%
KLM Wrocław
58%
KLM Luxembourg
57%
KLM Trondheim
57%
Transavia Verona
57%
KLM Cagliari
56%
FlyOne Chișinău
56%
KLM Hannover
56%
Transavia Menorca
54%
KLM Quito
54%
easyJet/KLM Southampton
53%
easyJet/Transavia Tromsø
53%
Transavia Agadir
52%
Corendon Dutch Airlines/KLM/TUI fly Netherlands Bonaire
52%
KLM Aalborg
51%
KLM Panama City (Tocumen)
51%
Corendon Dutch Airlines/Sky Express/Transavia/TUI fly Netherlands Zakynthos
51%
KLM Montpellier
50%
KLM Poznań
50%
Transavia Santorini
50%
Amelia International Strasbourg
50%
KLM Bremen
49%
KLM Katowice
49%
KLM Sint Maarten
49%
FlyErbil Erbil
48%
WestJet Halifax
48%
Transavia Mykonos
48%
KLM Nuremberg
48%
Corendon Dutch Airlines/Pegasus Airlines/TUI fly Netherlands Bodrum
47%
Transavia/TUI fly Netherlands Funchal
47%
KLM Billund
46%
easyJet/Transavia/TUI fly Netherlands Chania
46%
easyJet/Transavia/TUI fly Netherlands Fuerteventura
46%
TUI fly Netherlands Punta Cana
46%
KLM Stavanger
46%
easyJet/Transavia Larnaca
44%
easyJet/Transavia/TUI fly Netherlands/Vueling Lanzarote
43%
Corendon Dutch Airlines/TUI fly Netherlands Burgas
42%
Corendon Dutch Airlines/easyJet/Transavia/TUI fly Netherlands Hurghada
42%
KLM Inverness
42%
easyJet/Transavia Sharm El Sheikh
42%
KLM/TUI fly Netherlands Zanzibar
41%
SunExpress Adana/Mersin
40%
KLM Dammam
40%
KLM Hyderabad
40%
easyJet Pula
40%
easyJet Brindisi
38%
Transavia Granada
38%
KLM Guayaquil
38%
TUI fly Netherlands Montego Bay
38%
easyJet/Transavia Olbia
38%
Transavia/TUI fly Netherlands Ponta Delgada
38%
KLM Rennes
38%
easyJet/KLM/Transavia Rovaniemi
38%
Corendon Dutch Airlines/SunExpress/TUI fly Netherlands Dalaman
37%
KLM Georgetown (Cheddi Jagan)
36%
Transavia Paphos
36%
KLM Cartagena
35%
Transavia Girona
35%
KLM Norwich
35%
KLM Barbados
33%
KLM Biarritz
32%
TUI fly Netherlands Boa Vista
32%
Transavia Kalamata
32%
KLM Kigali
32%
TUI fly Netherlands Mauritius
32%
KLM Port of Spain
32%
TUI fly Netherlands Praia
32%
easyJet/Transavia/TUI fly Netherlands Kefalonia
31%
Pegasus Airlines/SunExpress Konya
31%
Transavia/TUI fly Netherlands Marsa Alam
31%
TUI fly Netherlands Djerba
30%
KLM Exeter
30%
easyJet Jersey
30%
KLM Kilimanjaro
30%
KLM Kristiansand
30%
Corendon Dutch Airlines/TUI fly Netherlands Banjul
29%
KLM Ålesund
28%
Vueling Asturias
28%
Pegasus Airlines/SunExpress Kayseri
27%
Transavia/TUI fly Netherlands La Palma
26%
Air Arabia/Royal Air Maroc Nador
26%
Corendon Dutch Airlines/Transavia/TUI fly Netherlands Preveza/Lefkada
26%
TUI fly Netherlands Skiathos
26%
TUI fly Netherlands Enfidha
25%
KLM/Transavia/TUI fly Netherlands Kittilä
25%
Royal Air Maroc Oujda
25%
KLM Entebbe
24%
TUI fly Netherlands Ohrid
24%
Corendon Dutch Airlines/Transavia/TUI fly Netherlands Samos
23%
Air Astana Atyrau
22%
airBaltic Palanga
22%
KLM Humberside
21%
Garuda Indonesia Medan
21%
KLM Linköping
20%
KLM Teesside
19%
Royal Air Maroc Al Hoceima
18%
Transavia/TUI fly Netherlands Ivalo
18%
Corendon Dutch Airlines Mytilene
18%
TUI fly Netherlands São Vicente
18%
TUI fly Netherlands Terceira
18%
TUI fly Netherlands Karpathos
17%
Transavia Kuusamo
17%
Air Arabia Tétouan
17%
TUI fly Netherlands Kavala
16%
easyJet Harstad/Narvik
15%
TUI fly Netherlands Sälen (Trysil)
14%
Corendon Dutch Airlines/TUI fly Netherlands Gazipaşa
12%
TUI fly Netherlands Holguin
12%
Transavia Akureyri
10%
Corendon Dutch Airlines Ercan
6%
TUI fly Netherlands Kajaani
6%
Transavia Skellefteå
5%
Corendon Dutch Airlines Myitlene
2%
No matching quizzes found
Score Distribution
Percent of People with Each Score
Percentile by Number Answered
Your Score History
You have not taken this quiz since the last reset